Návrh akčného programu Revolučného odborového hnutia na Slovensku

Bibliographic Details
Format: Book
Language:Slovak
PhysicalDescription:24 s. 4°
Published: [Bratislava] [SOR] 1968
Subjects:

MARC

LEADER 00000nam a2200000 a 4500
001 vtls010599804
003 SK-MaSNL
005 20260425235908.0
008 180813s1968 xo 000 0 slo
015 |a SNBA1968 
040 |a SNK  |b slo  |c SNK  |e AACR2 
041 0 |a slo 
043 |a e-xo--- 
044 |a xo  |c SK 
080 |a 331.881  |2 1981 
080 |a (437.6)  |2 1981 
080 |a (083.97)  |2 1981 
245 0 0 |a Návrh akčného programu Revolučného odborového hnutia na Slovensku 
260 |a [Bratislava]  |b [SOR]  |c 1968 
300 |a 24 s.  |c 4° 
610 2 7 |a Revolučné odborové hnutie  |2 SNKKA  |9 36449 
651 7 |a Slovensko  |2 SNKPH  |9 14231 
655 7 |a programy  |2 SNKPH  |9 70598 
958 |a OND 
958 |a RM 
999 |c 840976  |d 842906 
952 |a SNK  |b SNK  |y PREZ  |7 0  |p 17A0981661  |o snkSB 33765-z  |i snkK 615/82  |8 3  |0 0  |1 0  |4 0  |d 2014-05-29  |f 1  |l 0  |r 2025-04-09 00:00:00  |w 2026-02-24